000 00488nam a2200181Ia 4500
008 230917s9999||||xx |||||||||||||| ||und||
020 _cRS 1200.00
040 _e5013129
_aMAIN
041 _aEnglish
082 _a361.6 K156S(9)
100 _aKataria, Surendra
245 0 _aSamajik prashasan: Kalyan prashasan
250 _a9th ed.
260 _aJaipur
_bRBSA Publishers
_c2021
300 _axviii, 404 p.
500 _a4520 02/02/2022 IF22/1077 03/02/2022 Main Budget
942 _cBK
999 _c5421
_d5421